BANQUET MANAGEMENT AND ROOM DIVISION (Record no. 21039)

MARC details
000 -LEADER
fixed length control field 00307nam a22001337a 4500
003 - CONTROL NUMBER IDENTIFIER
control field SGT
020 ## - INTERNATIONAL STANDARD BOOK NUMBER
International Standard Book Number 81-8204-024-026-4
082 ## - DEWEY DECIMAL CLASSIFICATION NUMBER
Classification number 658
Item number AGG
100 ## - MAIN ENTRY--PERSONAL NAME
Personal name AGGARWAL, DR. D.K.
245 ## - TITLE STATEMENT
Title BANQUET MANAGEMENT AND ROOM DIVISION
260 ## - PUBLICATION, DISTRIBUTION, ETC. (IMPRINT)
Place of publication, distribution, etc DELHI
Name of publisher, distributor, etc AMAN PUB.
Year of Publication 2006
300 ## - PAGE DESCRIPTION
No. of Pages 242
942 ## - ADDED ENTRY ELEMENTS (KOHA)
Source of classification or shelving scheme Dewey Decimal Classification
Koha item type Books
942 ## - ADDED ENTRY ELEMENTS (KOHA)
-- 1
Holdings
Withdrawn status Lost status Source of classification or shelving scheme Damaged status Not for loan Collection code Home library Current library Shelving location Date acquired Vendor Name Cost, normal purchase price SGTU Bill Number Total Checkouts Full call number Accession No. (Barcode) Date last seen Bill Date Koha item type Date last borrowed
    Dewey Decimal Classification     HOTEL MANAGEMENT SGT Science & Social Sciences Library SGT Science & Social Sciences Library Text Book 22/04/2021 JINDAL PUB. 600.00 SGTU 2230   658 AGG HM1081 22/04/2021 24/03/2021 Books  
    Dewey Decimal Classification     HOTEL MANAGEMENT SGT Science & Social Sciences Library SGT Science & Social Sciences Library Text Book 22/04/2021 JINDAL PUB. 600.00 SGTU 2230   658 AGG HM1082 22/04/2021 24/03/2021 Books  
    Dewey Decimal Classification     HOTEL MANAGEMENT SGT Science & Social Sciences Library SGT Science & Social Sciences Library Text Book 22/04/2021 JINDAL PUB. 600.00 SGTU 2230   658 AGG HM1083 22/04/2021 24/03/2021 Books  
    Dewey Decimal Classification     HOTEL MANAGEMENT SGT Science & Social Sciences Library SGT Science & Social Sciences Library Text Book 22/04/2021 JINDAL PUB. 600.00 SGTU 2230   658 AGG HM1084 22/04/2021 24/03/2021 Books  
    Dewey Decimal Classification     HOTEL MANAGEMENT SGT Science & Social Sciences Library SGT Science & Social Sciences Library Text Book 22/04/2021 JINDAL PUB. 600.00 SGTU 2230 1 658 AGG HM1085 08/01/2025 24/03/2021 Books 24/12/2024